000 01374nam a22003977a 4500
003 CHAP
005 20220329135410.0
008 971013s1971 r 00010 d
010 _a35732
011 _a36704
035 _a40823
040 _cCHAP
082 _a664.0288
_bO72
110 _aOrganismo Internacional de Energía Atómica
_983512
245 _aRadurization of scampi. shrimp and Cod, by G. Hannesson and B. Dagbartsson
260 _aVienna :
_bOIEA,
_c1971
300 _a93 p.
_b; gráfs.
490 _aTechnical reports series
_v; 124
590 _aBATCH-UPD
_b10
_c20130110
_lUCH01
_h0233
590 _aBATCH-UPD
_b10
_c20130110
_lUCH01
_h1152
590 _aBATCH-UPD
_b10
_c20130409
_lUCH01
_h2257
590 _aBATCH-UPD
_b10
_c20130410
_lUCH01
_h1443
590 _aBATCH-UPD
_b10
_c20130914
_lUCH01
_h0233
590 _aBATCH-UPD
_b10
_c20130914
_lUCH01
_h1942
590 _aCONVERSION
_b10
_c20130109
_lUCH01
_h1320
650 1 4 _aAlimentos irradiados.
_94314
650 1 4 _aCamarón
_xPreservación.
_917769
650 1 4 _aProductos pesqueros
_xPreservación.
_992215
650 1 4 _aRadiación
_xEfecto en alimentos.
_993665
700 0 _aDagbjartsson, B.
_930881
700 0 _aHannesson, G.
_952551
830 0 _aTechnical reports series
_v; 124
_9111913
901 _aBK
942 _cLIBRO
949 _a664.0288 O72
_bBC
_cLIBRO
_d-93277
_eLIBRO
_h43592
_i40823
_si
999 _c35732
_d35732